Institut National de Commerce guide

Enregistré dans:
Détails bibliographiques
Format: Livre
Langue:français
anglais
Publié: Alger Institut National de Commerce INC 2007
Sujets:
Tags: Ajouter un tag
Pas de tags, Soyez le premier à ajouter un tag!

MARC

LEADER 00000nam$a2200000$$$4500
001 0086355
005 20240318114427.8
041 0 |a fre 
041 0 |a eng 
245 1 0 |a Institut National de Commerce  |b guide 
264 1 |a Alger  |b Institut National de Commerce INC  |c 2007 
300 |a 45 s. 
610 2 0 |a vzdelávanie 
610 2 0 |a vzdelávanie dospelých 
610 2 0 |a školy vysoké 
610 2 0 |a vývoj 
610 2 0 |a štruktúra organizačná 
610 2 0 |a pracovníci vedúci 
610 2 0 |a plán učebný 
610 2 0 |a obchod 
610 2 0 |a politika obchodná 
610 2 0 |a ekonómia 
610 2 0 |a politika hospodárska 
610 2 0 |a politika sociálna 
610 2 0 |a odbory študijné 
610 2 0 |a Alžírsko